Расчет и конструирование каркасов котлоагрегатов

التفاصيل البيبلوغرافية
المؤلف الرئيسي: Лелеев Н. С. Николай Степанович
اللغة:الروسية
منشور في: Москва, Госэнергоиздат, 1960
الموضوعات:
التنسيق: MixedMaterials كتاب
KOHA link:https://koha.lib.tpu.ru/cgi-bin/koha/opac-detail.pl?biblionumber=111988

MARC

LEADER 00000nam0a2200000 4500
001 111988
005 20231031121048.0
035 |a (RuTPU)RU\TPU\book\120959 
090 |a 111988 
100 |a 20070321d1960 km y0rusy50 ca 
101 0 |a rus 
102 |a RU 
105 |a a z 001zy 
200 1 |a Расчет и конструирование каркасов котлоагрегатов  |f Н. С. Лелеев 
210 |a Москва  |c Госэнергоиздат  |d 1960  |a Ленинград 
215 |a 223 с.  |c ил. 
320 |a Библиография в конце книги 
610 1 |a теплотехника 
610 1 |a котлы 
610 1 |a котельные установки 
610 1 |a стальные каркасы 
610 1 |a котлоагрегаты 
610 1 |a конструкция 
610 1 |a расчеты 
675 |a 621.18.001  |v 4 
700 1 |a Лелеев  |b Н. С.  |g Николай Степанович 
801 1 |a RU  |b 63413507  |c 20070321  |g PSBO 
801 2 |a RU  |b 63413507  |c 20191226  |g PSBO 
942 |c BK